| 000 | 00701nam a2200217Ii 4500 | ||
|---|---|---|---|
| 003 | JO-AjNU | ||
| 008 | 230605s9999||||xx |||||||||||||| ||und|| | ||
| 017 | _a2642/88 | ||
| 020 | _a977-1395-53-X | ||
| 040 |
_aJO-AjNU _bara _erda _cJO-AjNU |
||
| 041 | _aara | ||
| 050 | 1 | 4 | _aBP170.85.G3522 1989 |
| 100 | 3 |
_aعبد العزيز، جمعة أمين , _eauthor _937882 |
|
| 245 | 0 | 0 | _aالدعوة قواعد وأصول |
| 264 | 3 | 1 | _aالاسكندرية: دار الدعوة، 1989 |
| 300 | _a251ص | ||
| 336 |
_atext _btxt _2rdacontent |
||
| 337 |
_aunmediated _bn _2rdamedia |
||
| 338 |
_avolume _bnc _2rdacarrier |
||
| 650 | 4 |
_aالدعوة الاسلامية- الوعظ والارشاد _937883 |
|
| 999 |
_aA15869 _c19437 _d19437 |
||